[Event "IECC O-3670"]
[Site "IECC email"]
[Date "2013.04.28"]
[Round "?"]
[White "Randall, Ian Alexander"]
[Black "MacDonald, Murdo"]
[Result "1-0"]
[WhiteElo "1026"]
[BlackElo "1002"]
[PlyCount "45"]
[EventDate "2013.??.??"]
[EventType "swiss (corr)"]
[EventRounds "2"]
[SourceTitle "Telechess CBM 165"]
[Source "ChessBase"]
[SourceDate "2015.03.11"]
[SourceVersion "1"]
[SourceVersionDate "2015.03.11"]
[SourceQuality "1"]
[WhiteTeam "Switzerland"]
[BlackTeam "Scotland"]
[WhiteTeamCountry "SUI"]
[BlackTeamCountry "SCO"]

1. Nc3 e5 2. Nf3 Nc6 3. d4 Bd6 4. Ne4 Nf6 5. Bg5 0-0 6. Qd3 Re8 7. 0-0-0 Nb4 8. Nxf6+ gxf6 9. Qf5 fxg5 10. Qxg5+ Kh8 11. h4 f6 12. Qf5 exd4 13. c3 dxc3 14. a3 cxb2+ 15. Kb1 Be5 16. axb4 d6 17. Qh5 c5 18. bxc5 Qa5 19. Qxe8+ Kg7 20. Qe7+ Kg6 21. h5+ Kf5 22. g4+ Ke4 23. Rd4# 1-0

[Event "IECC O-3554"]
[Site "IECC email"]
[Date "2012.12.16"]
[Round "?"]
[White "Phillips, David A"]
[Black "Randall, Ian Alexander"]
[Result "1-0"]
[WhiteElo "1244"]
[BlackElo "1040"]
[PlyCount "39"]
[EventDate "2012.??.??"]
[EventType "swiss (corr)"]
[EventRounds "2"]
[SourceTitle "Telechess CBM 165"]
[Source "ChessBase"]
[SourceDate "2015.03.11"]
[SourceVersion "1"]
[SourceVersionDate "2015.03.11"]
[SourceQuality "1"]
[WhiteTeam "England"]
[BlackTeam "Switzerland"]
[WhiteTeamCountry "ENG"]
[BlackTeamCountry "SUI"]

1. d4 Nc6 2. Nf3 d6 3. e4 Bg4 4. Be2 Qd7 5. h3 Bh5 6. Nc3 0-0-0 7. d5 Nb4 8. Be3 g6 9. g4 Bxg4 10. hxg4 Qxg4 11. Rh4 Qg2 12. Bf1 Nxc2+ 13. Ke2 Nd4+ 14. Qxd4 e5 15. Qxa7 Qxf1+ 16. Rxf1 g5 17. Nxg5 h6 18. Nxf7 Rh7 19. Qa8+ Kd7 20. Qxd8# 1-0

[Event "IECC O-3399"]
[Site "IECC email"]
[Date "2012.01.10"]
[Round "?"]
[White "Winteringham, Ray"]
[Black "Randall, Ian Alexander"]
[Result "0-1"]
[WhiteElo "1000"]
[BlackElo "974"]
[PlyCount "68"]
[EventDate "2012.??.??"]
[EventType "swiss (corr)"]
[EventRounds "2"]
[SourceTitle "Telechess CBM 165"]
[Source "ChessBase"]
[SourceDate "2015.03.11"]
[SourceVersion "1"]
[SourceVersionDate "2015.03.11"]
[SourceQuality "1"]
[WhiteTeam "England"]
[BlackTeam "Switzerland"]
[WhiteTeamCountry "ENG"]
[BlackTeamCountry "SUI"]

1. e4 Nf6 2. Nc3 Nc6 3. Bb5 a6 4. Bxc6 dxc6 5. Nf3 Bg4 6. h3 Bh5 7. 0-0 e5 8. a3 b5 9. b4 a5 10. Rb1 axb4 11. axb4 c5 12. bxc5 b4 13. Rxb4 Ra1 14. d3 Bxc5 15. Ra4 Rxa4 16. Nxa4 Ba7 17. g4 Bg6 18. Bb2 h5 19. g5 Nh7 20. h4 f5 21. Qd2 fxe4 22. Bxe5 exf3 23. Qc3 0-0 24. Bxg7 Rf4 25. Bh6 Nf6 26. Re1 Rxa4 27. Qb3+ Bf7 28. Qxa4 Qd4 29. Qxd4 Bxd4 30. gxf6 Kh7 31. Bg5 c5 32. Re7 Kg6 33. Rc7 Ba2 34. Rxc5 Bxc5 0-1

[Event "IECC O-3394"]
[Site "IECC email"]
[Date "2011.12.18"]
[Round "?"]
[White "Randall, Ian Alexander"]
[Black "Kellaway, Ted"]
[Result "0-1"]
[WhiteElo "983"]
[BlackElo "1149"]
[PlyCount "40"]
[EventDate "2011.??.??"]
[EventType "swiss (corr)"]
[EventRounds "2"]
[SourceTitle "Telechess CBM 165"]
[Source "ChessBase"]
[SourceDate "2015.03.11"]
[SourceVersion "1"]
[SourceVersionDate "2015.03.11"]
[SourceQuality "1"]
[WhiteTeam "Switzerland"]
[BlackTeam "South Africa"]
[WhiteTeamCountry "SUI"]
[BlackTeamCountry "RSA"]

1. Nc3 d5 2. Nf3 Nf6 3. Nxd5 Qxd5 4. e3 e5 5. c4 Qa5 6. a3 Nc6 7. b4 Bxb4 8. Ng5 h6 9. h3 hxg5 10. h4 gxh4 11. g3 h3 12. f4 Ne4 13. axb4 Qxa1 14. Bxh3 Bxh3 15. d3 0-0-0 16. b5 Nb4 17. dxe4 Nd3+ 18. Ke2 Bg4+ 19. Kd2 Bxd1 20. Rxd1 Rh2# 0-1